[Event "Scarborough CC Ridout mem. Swiss"]
[Site "Toronto CAN"]
[Date "2022.10.13"]
[Round "2.2"]
[White "Li, Adam"]
[Black "Gao, Heye"]
[Result "1-0"]
[WhiteElo "1976"]
[BlackElo "1636"]
[PlyCount "95"]
[EventDate "2022.10.06"]
[EventType "swiss"]
[EventRounds "7"]
[EventCountry "CAN"]

1. e4 e5 2. Nf3 Nc6 3. Bc4 Bc5 4. c3 Nf6 5. d3 d6 6. Nbd2 O-O 7. h3 h6 8. O-O
Be6 9. Bb3 Qd7 10. Re1 Rfe8 11. Nf1 Rad8 12. Ba4 Bb6 13. d4 exd4 14. cxd4 d5
15. Ne5 Qc8 16. Nxc6 bxc6 17. Bxc6 Bd7 18. Bxd7 Nxd7 19. e5 Nf8 20. b4 Ne6 21.
Be3 a5 22. b5 Qb7 23. Qd2 Qa7 24. Red1 Rf8 25. a4 f6 26. f4 fxe5 27. fxe5 Rf7
28. Rac1 Rdf8 29. Ng3 Kh8 30. Kh2 Nf4 31. Rc6 Kh7 32. e6 Nxe6 33. Rxe6 Rf6 34.
Qc2+ Kh8 35. Qc6 Rxe6 36. Qxe6 Qb8 37. Qxd5 Rf6 38. Qe5 Qg8 39. d5 Bxe3 40.
Qxe3 Qf8 41. Re1 Qb4 42. Qe8+ Rf8 43. Qe4 Rf4 44. Qxb4 Rxb4 45. Re4 Kg8 46.
Rxb4 axb4 47. d6 cxd6 48. b6 1-0

[Event "Scarborough CC Ridout mem. Swiss"]
[Site "Toronto CAN"]
[Date "2022.10.13"]
[Round "2.3"]
[White "Mendoza, Armand Jess"]
[Black "Huang, Richard"]
[Result "0-1"]
[WhiteElo "1903"]
[BlackElo "1953"]
[PlyCount "84"]
[EventDate "2022.10.06"]
[EventType "swiss"]
[EventRounds "7"]
[EventCountry "CAN"]

1. e4 c6 2. d4 d5 3. e5 c5 4. c3 Nc6 5. f4 Nh6 6. Nf3 Bg4 7. Bb5 Qb6 8. Bxc6+
bxc6 9. dxc5 Qxc5 10. Qd4 e6 11. b4 Qb6 12. Be3 Bxf3 13. gxf3 Qxd4 14. Bxd4 Nf5
15. Bf2 a5 16. bxa5 Rxa5 17. a4 Kd7 18. Nd2 Be7 19. Nb3 Ra6 20. a5 Rb8 21. Bb6
Ne3 22. Ke2 Nc4 23. Nc5+ Bxc5 24. Bxc5 Rb2+ 25. Ke1 Rxa5 26. Rxa5 Nxa5 27. Rg1
Rb1+ 28. Kd2 Rxg1 29. Bxg1 Nb7 30. Bf2 c5 31. Ke3 g6 32. h4 h5 33. Kd3 Kc6 34.
Ke3 Kb5 35. f5 Kc4 36. fxg6 fxg6 37. Be1 Nd8 38. Kf4 Nb7 39. Bd2 Kd3 40. Be1
Ke2 41. Bg3 d4 42. Ke4 d3 0-1

[Event "Scarborough CC Ridout mem. Swiss"]
[Site "Toronto CAN"]
[Date "2022.10.13"]
[Round "2.4"]
[White "Muhajer, Wissam"]
[Black "Hay, Jonathan"]
[Result "0-1"]
[WhiteElo "1607"]
[BlackElo "2161"]
[PlyCount "72"]
[EventDate "2022.10.06"]
[EventType "swiss"]
[EventRounds "7"]
[EventCountry "CAN"]

1. e4 c6 2. d4 d5 3. exd5 cxd5 4. c4 Nf6 5. Nc3 Nc6 6. Nf3 Be6 7. c5 g6 8. Bb5
Bg7 9. O-O O-O 10. h3 Ne4 11. Bxc6 bxc6 12. Re1 Bf5 13. g4 Nxc3 14. bxc3 Bd7
15. Bf4 f6 16. Kg2 Rf7 17. Rb1 Qc8 18. Nh2 h5 19. gxh5 Bxh3+ 20. Kh1 g5 21. Bd2
Qd7 22. f4 Bf5 23. fxg5 fxg5 24. Kg1 Bxb1 25. Qxb1 Qh3 26. Re2 Qxh5 27. Rg2 Bh6
28. Qc1 Rg7 29. Ng4 Rf8 30. Qd1 Qg6 31. Qe2 Rb8 32. Rh2 Rb1+ 33. Kg2 Rh7 34.
Be1 Bg7 35. Rxh7 Kxh7 36. Qxe7 Qf5 0-1

[Event "Scarborough CC Ridout mem. Swiss"]
[Site "Toronto CAN"]
[Date "2022.10.13"]
[Round "2.5"]
[White "Wu, Benjamin"]
[Black "Chamberland, Luc"]
[Result "1/2-1/2"]
[WhiteElo "1833"]
[BlackElo "1761"]
[PlyCount "74"]
[EventDate "2022.10.06"]
[EventType "swiss"]
[EventRounds "7"]
[EventCountry "CAN"]

1. e4 e6 2. d4 d5 3. Nd2 c5 4. c3 Nc6 5. Ngf3 cxd4 6. cxd4 Nf6 7. e5 Nd7 8. Nb3
a5 9. Be3 Qb6 10. Rb1 Be7 11. Be2 h6 12. O-O Nf8 13. a3 Bd7 14. Nbd2 Na7 15.
Qb3 Qxb3 16. Nxb3 b6 17. Rfc1 Kd8 18. Nbd2 Rc8 19. Rxc8+ Kxc8 20. Bd3 Bb5 21.
Bxb5 Nxb5 22. a4 Na7 23. Kf1 Nd7 24. Ke2 Kb7 25. Nb3 Rc8 26. Rc1 Rxc1 27. Bxc1
Nc6 28. Ne1 Ka6 29. Bd2 b5 30. axb5+ Kxb5 31. Kd3 Nb6 32. Nc2 Nc4 33. Kc3 a4
34. Nc1 Nxd2 35. Kxd2 Na5 36. Kc3 Nc4 37. Nd3 Bd8 1/2-1/2

[Event "Scarborough CC Ridout mem. Swiss"]
[Site "Toronto CAN"]
[Date "2022.10.13"]
[Round "2.6"]
[White "Lawless, David"]
[Black "Yang, Larry"]
[Result "1-0"]
[WhiteElo "1929"]
[BlackElo "1796"]
[PlyCount "75"]
[EventDate "2022.10.06"]
[EventType "swiss"]
[EventRounds "7"]
[EventCountry "CAN"]

1. e4 e5 2. Nf3 Nc6 3. Bb5 Nd4 4. Nxd4 exd4 5. O-O c6 6. Bc4 Bc5 7. Bxf7+ Kxf7
8. Qh5+ g6 9. Qxc5 Qb6 10. Qxb6 axb6 11. d3 Ne7 12. Bg5 d6 13. Nd2 h6 14. Bh4
b5 15. Nb3 c5 16. Bxe7 Kxe7 17. e5 b6 18. exd6+ Kxd6 19. Rfe1 Bb7 20. g3 Ra7
21. Nd2 Rha8 22. Re2 Bd5 23. Rae1 Rf7 24. Re8 Rxe8 25. Rxe8 Re7 26. Rxe7 Kxe7
27. f4 Ke6 28. g4 g5 29. fxg5 hxg5 30. Kf2 Ke5 31. Kg3 Bf7 32. Ne4 Bg6 33. Nxg5
c4 34. Nf3+ Kd5 35. Ne1 c3 36. bxc3 dxc3 37. Kf4 Ke6 38. h4 1-0

[Event "Scarborough CC Ridout mem. Swiss"]
[Site "Toronto CAN"]
[Date "2022.10.20"]
[Round "3.1"]
[White "Huang, Richard"]
[Black "Pedersen, Rune"]
[Result "1/2-1/2"]
[WhiteElo "1953"]
[BlackElo "2162"]
[PlyCount "81"]
[EventDate "2022.10.06"]
[EventType "swiss"]
[EventRounds "7"]
[EventCountry "CAN"]

1. d4 Nf6 2. Nf3 e6 3. g3 d5 4. Bg2 Be7 5. O-O O-O 6. c4 dxc4 7. Nc3 c5 8. dxc5
Nbd7 9. Nd2 Ne5 10. Nde4 Nxe4 11. Nxe4 Qc7 12. Bf4 f5 13. Nd2 Rd8 14. Qc2 Qxc5
15. Bxe5 Qxe5 16. Nxc4 Qc7 17. Rfc1 Bd7 18. e4 b5 19. Ne3 Qxc2 20. Rxc2 Rac8
21. Rac1 Rxc2 22. Rxc2 Rc8 23. Rxc8+ Bxc8 24. exf5 exf5 25. Bc6 a6 26. Kf1 g5
27. Ke2 Kf7 28. Kd3 Bc5 29. a3 g4 30. f3 h5 31. Ng2 Bg1 32. Ke2 Bd4 33. b3 Be6
34. Nf4 Bxb3 35. Kd3 Bg1 36. Nxh5 Bxh2 37. Kd4 Bd1 38. f4 Bb3 39. Ke5 Be6 40.
Ng7 Kxg7 41. Kxe6 1/2-1/2

[Event "Scarborough CC Ridout mem. Swiss"]
[Site "Toronto CAN"]
[Date "2022.10.20"]
[Round "3.2"]
[White "Hay, Jonathan"]
[Black "Li, Adam"]
[Result "1-0"]
[WhiteElo "2161"]
[BlackElo "1976"]
[PlyCount "107"]
[EventDate "2022.10.06"]
[EventType "swiss"]
[EventRounds "7"]
[EventCountry "CAN"]

1. d4 d5 2. Bf4 Nf6 3. e3 e6 4. Nd2 Bd6 5. Bg3 O-O 6. Bd3 b6 7. Ngf3 Bb7 8. Ne5
Nbd7 9. f4 Re8 10. Bh4 Be7 11. Bxf6 Bxf6 12. Bxh7+ Kf8 13. Bd3 g6 14. Bb5 Bxe5
15. fxe5 c6 16. Bd3 Qh4+ 17. g3 Qh3 18. Qe2 c5 19. c3 c4 20. Bc2 b5 21. Nf3 Qh6
22. h4 a5 23. Ng5 Re7 24. Kd2 b4 25. Raf1 a4 26. Qg4 a3 27. cxb4 axb2 28. Nxf7
c3+ 29. Kxc3 Rxf7 30. Kxb2 Ba6 31. Rxf7+ Kxf7 32. h5 g5 33. a4 Ke7 34. Bb3 Rf8
35. b5 Bb7 36. Rc1 Rc8 37. Rf1 Rf8 38. Rc1 Rf2+ 39. Rc2 Rxc2+ 40. Bxc2 Nb6 41.
Bb3 Kd7 42. Qf3 Qg7 43. a5 Nc8 44. Ba4 Ke7 45. Qe2 Kf7 46. Qc2 Kg8 47. a6 Ba8
48. Qxc8+ Kh7 49. Qxe6 Qc7 50. Bc2+ Kh8 51. Qf6+ Kg8 52. h6 Qf7 53. h7+ Kf8 54.
h8=Q# 1-0

[Event "Scarborough CC Ridout mem. Swiss"]
[Site "Toronto CAN"]
[Date "2022.10.20"]
[Round "3.3"]
[White "Wilker, Marcus"]
[Black "Mendoza, Armand Jess"]
[Result "1/2-1/2"]
[WhiteElo "1650"]
[BlackElo "1903"]
[PlyCount "123"]
[EventDate "2022.10.06"]
[EventType "swiss"]
[EventRounds "7"]
[EventCountry "CAN"]

1. d4 d5 2. c4 dxc4 3. e4 c5 4. d5 a6 5. Bxc4 b5 6. Be2 Nf6 7. Qc2 e6 8. dxe6
Bxe6 9. Bg5 Qa5+ 10. Bd2 b4 11. Na3 Nc6 12. Nf3 Qc7 13. Nc4 Be7 14. O-O O-O 15.
Be3 Ng4 16. g3 Nxe3 17. Nxe3 Rfd8 18. Nf5 Bf6 19. Rac1 Bxf5 20. exf5 Nd4 21.
Nxd4 Bxd4 22. Bc4 a5 23. Rfe1 Rd6 24. Qe4 Rf8 25. Rc2 Rf6 26. Bd3 Qd8 27. Kg2
g6 28. fxg6 hxg6 29. Bc4 Kg7 30. f4 Qd7 31. Rce2 Rh8 32. h4 Qg4 33. Qf3 Qf5 34.
Qd5 Qxd5+ 35. Bxd5 Rd6 36. Bc4 Rhd8 37. Re7 Rf8 38. R1e2 Bf6 39. Rc7 Bd4 40.
Ra7 a4 41. Rxa4 Rd7 42. b3 Rfd8 43. Ra6 Bc3 44. Kh3 Bf6 45. Kg4 Bd4 46. h5
gxh5+ 47. Kxh5 Rh8+ 48. Kg4 Bc3 49. f5 Rd4+ 50. Kf3 Rd7 51. Ra5 Bd4 52. Kg4 Bg1
53. Ra6 Bd4 54. Kg5 f6+ 55. Kg4 Be5 56. Rc6 Rd4+ 57. Kf3 Rh3 58. Rg2 Rf4+ 59.
Ke2 Re4+ 60. Kf3 Rf4+ 61. Ke2 Re4+ 62. Kf3 1/2-1/2

[Event "Scarborough CC Ridout mem. Swiss"]
[Site "Toronto CAN"]
[Date "2022.10.20"]
[Round "3.4"]
[White "Zhong, Ryan Yunhui"]
[Black "Wu, Benjamin"]
[Result "1-0"]
[WhiteElo "1639"]
[BlackElo "1833"]
[Annotator ",Hugh"]
[PlyCount "70"]
[EventDate "2022.10.06"]
[EventType "swiss"]
[EventRounds "7"]
[EventCountry "CAN"]

1. d4 Nf6 2. c4 e6 3. Nc3 b6 4. e4 d6 5. Be3 Bb7 6. Bd3 Nbd7 7. f3 c5 8. Nge2
cxd4 9. Nxd4 Ne5 10. Be2 Be7 11. O-O O-O 12. f4 Ned7 13. Qc2 Rc8 14. f5 e5 15.
Nf3 b5 16. Nd2 bxc4 17. Bxc4 Nb6 18. Qb3 Nxc4 19. Nxc4 Ba6 20. Nb5 Nxe4 21. Qa4
Bxb5 22. Qxb5 Bg5 23. Bxg5 Qxg5 24. Rae1 Nd2 25. Nxd2 Qxd2 26. Rd1 Qe3+ 27. Kh1
Rb8 28. Qa6 Rxb2 29. Qxd6 Qe2 30. Rg1 f6 31. Qe6+ Kh8 32. Qe7 Rbb8 33. Rb1 Rbd8
34. Qxa7 e4 35. Rbe1 Qd2 {Remaininog moves unreadable or missing.} 1-0

[Event "Scarborough CC Ridout mem. Swiss"]
[Site "Toronto CAN"]
[Date "2022.10.20"]
[Round "3.5"]
[White "Chamberland, Luc"]
[Black "Muhajer, Wissam"]
[Result "1-0"]
[WhiteElo "1761"]
[BlackElo "1607"]
[PlyCount "47"]
[EventDate "2022.10.06"]
[EventType "swiss"]
[EventRounds "7"]
[EventCountry "CAN"]

1. e4 c6 2. d4 d5 3. exd5 cxd5 4. Bd3 Nf6 5. Nf3 Bg4 6. O-O e6 7. c3 Be7 8. Re1
O-O 9. Nbd2 Nbd7 10. Nf1 Re8 11. Ng3 Nf8 12. h3 Bxf3 13. Qxf3 Ng6 14. Bg5 Rc8
15. h4 Nd7 16. Bxe7 Qxe7 17. h5 Nh4 18. Qf4 g5 19. hxg6 fxg6 20. Qg4 Kh8 21.
Re3 Qf6 22. Rae1 Nf8 23. Re5 a6 24. Qe2 1-0

[Event "Scarborough CC Ridout mem. Swiss"]
[Site "Toronto CAN"]
[Date "2022.10.20"]
[Round "3.6"]
[White "Gao, Heye"]
[Black "Grisar, Charles"]
[Result "0-1"]
[WhiteElo "1636"]
[BlackElo "1882"]
[PlyCount "64"]
[EventDate "2022.10.06"]
[EventType "swiss"]
[EventRounds "7"]
[EventCountry "CAN"]

1. e4 e6 2. d4 d5 3. exd5 exd5 4. c4 Bb4+ 5. Nc3 Nf6 6. Bd3 dxc4 7. Bxc4 O-O 8.
Nf3 Re8+ 9. Be3 Bg4 10. h3 Bh5 11. Qb3 Nc6 12. d5 Bxc3+ 13. Qxc3 Nxd5 14. Bxd5
Qxd5 15. Nh4 Qe4 16. Nf3 Bxf3 17. gxf3 Qxf3 18. Rg1 Ne5 19. b3 Rad8 20. Rg3
Nd3+ 21. Kf1 Qh1+ 22. Rg1 Qxh3+ 23. Rg2 f6 24. Qxc7 Rd7 25. Qc4+ Kh8 26. Bxa7
Qh1+ 27. Rg1 Qf3 28. Be3 Ne5 29. Qe2 Qh3+ 30. Rg2 Nf3 31. Qb2 Qh1+ 32. Ke2 Qxg2
0-1

[Event "Scarborough CC Ridout mem. Swiss"]
[Site "Toronto CAN"]
[Date "2022.10.27"]
[Round "4.1"]
[White "Li, Adam"]
[Black "Huang, Richard"]
[Result "1-0"]
[WhiteElo "1976"]
[BlackElo "1942"]
[PlyCount "59"]
[EventDate "2022.10.06"]
[EventType "swiss"]
[EventRounds "7"]
[EventCountry "CAN"]

1. e4 c6 2. d4 d5 3. Nc3 dxe4 4. Nxe4 Nf6 5. Nxf6+ exf6 6. Bf4 Be7 7. Qd2 O-O
8. O-O-O Be6 9. Bxb8 Rxb8 10. Kb1 b5 11. Bd3 a5 12. Ne2 Kh8 13. h4 Qd5 14. b3
a4 15. Qe3 axb3 16. cxb3 Ra8 17. Qe4 f5 18. Qxd5 Bxd5 19. Nf4 Be4 20. h5 Ra7
21. Rhe1 Bb4 22. Re2 Re8 23. Rc2 g5 24. hxg6 hxg6 25. Bxe4 Rxe4 26. g3 Rd7 27.
Ne2 c5 28. Rh1+ Kg7 29. dxc5 Bd2 30. c6 1-0

[Event "Scarborough CC Ridout mem. Swiss"]
[Site "Toronto CAN"]
[Date "2022.10.27"]
[Round "4.2"]
[White "Chamberland, Luc"]
[Black "Zhong, Ryan Yunhui"]
[Result "0-1"]
[WhiteElo "1761"]
[BlackElo "1673"]
[PlyCount "104"]
[EventDate "2022.10.06"]
[EventType "swiss"]
[EventRounds "7"]
[EventCountry "CAN"]

1. e4 e6 2. d4 d5 3. exd5 exd5 4. c4 Nf6 5. Nc3 Be7 6. Nf3 O-O 7. Be2 dxc4 8.
Bxc4 Bg4 9. Be3 Nbd7 10. O-O Nb6 11. Be2 c6 12. Qc2 Nbd5 13. Rae1 Qc7 14. Ne5
Bxe2 15. Rxe2 Bd6 16. Bg5 Bxe5 17. dxe5 Nxc3 18. Qxc3 Nd5 19. Qg3 Kh8 20. Rfe1
Rae8 21. Bc1 Re6 22. f4 Rg6 23. Qf2 b6 24. h3 f5 25. exf6 Rgxf6 26. g3 Qd7 27.
Kh2 Rh6 28. f5 Rhf6 29. g4 R6f7 30. Qg3 Qc7 31. Qxc7 Rxc7 32. Re8 Kg8 33. Kg3
Rxe8 34. Rxe8+ Kf7 35. Re2 Rd7 36. b3 Nc3 37. Rg2 Rd3+ 38. Kh2 Ne4 39. Bf4 a6
40. Rc2 c5 41. Bc7 b5 42. Re2 Ng5 43. Bg3 Nf3+ 44. Kg2 Nd4 45. Rb2 Kf6 46. Bf4
Rf3 47. Bd6 Rc3 48. Rd2 Nc2 49. Bf4 Nd4 50. Bd6 Nc6 51. Bf4 Nb4 52. Rd6+ Ke7
0-1

[Event "Scarborough CC Ridout mem. Swiss"]
[Site "Toronto CAN"]
[Date "2022.10.27"]
[Round "4.4"]
[White "Sharpe, Sam"]
[Black "Wilker, Marcus"]
[Result "1-0"]
[WhiteElo "1918"]
[BlackElo "1650"]
[PlyCount "71"]
[EventDate "2022.10.06"]
[EventType "swiss"]
[EventRounds "7"]
[EventCountry "CAN"]

1. d4 e6 2. c4 c5 3. d5 Nf6 4. Nc3 d6 5. e4 g6 6. f4 Qe7 7. Nf3 exd5 8. cxd5
Nxe4 9. Qa4+ Bd7 10. Qxe4 a6 11. a4 Bg7 12. Qxe7+ Kxe7 13. Bd3 Bg4 14. O-O Kd7
15. h3 Bxf3 16. Rxf3 Re8 17. Bd2 Bd4+ 18. Kf1 Kc7 19. Re1 Nd7 20. Rxe8 Rxe8 21.
b3 Nf6 22. Bc4 h5 23. a5 h4 24. Ne2 Ne4 25. Be1 Bf6 26. Nc3 b5 27. axb6+ Kxb6
28. Nxe4 Rxe4 29. Bd3 Re8 30. Bf2 Kc7 31. Re3 Ra8 32. Be1 a5 33. Bb5 Kb6 34.
Ba4 Rc8 35. Re8 Rc7 36. Ra8 1-0

[Event "Scarborough CC Ridout mem. Swiss"]
[Site "Toronto CAN"]
[Date "2022.10.27"]
[Round "4.5"]
[White "Yang, Larry"]
[Black "Laughlin, Braden"]
[Result "1/2-1/2"]
[WhiteElo "1796"]
[BlackElo "1964"]
[PlyCount "66"]
[EventDate "2022.10.06"]
[EventType "swiss"]
[EventRounds "7"]
[EventCountry "CAN"]

1. e4 c5 2. Nc3 Nc6 3. g3 g6 4. Bg2 Bg7 5. d3 d6 6. f4 e6 7. Nf3 Nge7 8. O-O d5
9. Kh1 a6 10. Rb1 b5 11. exd5 exd5 12. Re1 O-O 13. a3 Bb7 14. Ne2 d4 15. c3
dxc3 16. bxc3 Rb8 17. Be3 Qd6 18. Qc2 Rfe8 19. Bf2 Nd8 20. c4 Ne6 21. Red1 Nf5
22. cxb5 axb5 23. g4 Nfd4 24. Nexd4 Nxd4 25. Bxd4 cxd4 26. Rf1 Qxf4 27. Qa2 Re7
28. Rxb5 Bxf3 29. Rxb8+ Qxb8 30. Bxf3 Qd8 31. Qd5 Qxd5 32. Bxd5 Be5 33. a4 Bc7
1/2-1/2

[Event "Scarborough CC Ridout mem. Swiss"]
[Site "Toronto CAN"]
[Date "2022.10.27"]
[Round "4.6"]
[White "Wu, Benjamin"]
[Black "Gao, Heye"]
[Result "1-0"]
[WhiteElo "1833"]
[BlackElo "1676"]
[PlyCount "63"]
[EventDate "2022.10.06"]
[EventType "swiss"]
[EventRounds "7"]
[EventCountry "CAN"]

1. e4 e5 2. Nf3 Nc6 3. Bb5 a6 4. Ba4 Nf6 5. d3 b5 6. Bb3 Bc5 7. c3 d6 8. O-O
Bg4 9. h3 Bh5 10. Bg5 h6 11. Bh4 g5 12. Bg3 O-O 13. Nbd2 Qd7 14. a4 b4 15. a5
Qc8 16. Nc4 Qb7 17. Ne3 bxc3 18. bxc3 Bxf3 19. Qxf3 Nxe4 20. Qxe4 Qxb3 21. Qxc6
Qxc3 22. Qe4 Qd4 23. Qf5 Kg7 24. Rab1 f6 25. Qd7+ Kg6 26. Nf5 Rad8 27. Qxd8
Rxd8 28. Nxd4 Bxd4 29. Rb7 Rd7 30. Rc1 Bc5 31. Kf1 d5 32. Rxc5 1-0

[Event "Scarborough CC Ridout mem. Swiss"]
[Site "Toronto CAN"]
[Date "2022.11.03"]
[Round "5.1"]
[White "Pedersen, Rune"]
[Black "Li, Adam"]
[Result "0-1"]
[WhiteElo "2162"]
[BlackElo "1976"]
[PlyCount "120"]
[EventDate "2022.10.06"]
[EventType "swiss"]
[EventRounds "7"]
[EventCountry "CAN"]

1. e4 e5 2. Nf3 Nc6 3. Bb5 a6 4. Ba4 Nf6 5. O-O b5 6. Bb3 Be7 7. Re1 O-O 8. c3
h6 9. d4 d6 10. h3 Bb7 11. Nbd2 Re8 12. Nf1 Bf8 13. Ng3 Qd7 14. Nf5 exd4 15.
Bc2 dxc3 16. bxc3 Ne5 17. Nxe5 dxe5 18. Qf3 Qc6 19. Qg3 Kh8 20. Ba3 Nh5 21. Qg4
Bxa3 22. Qxh5 Qg6 23. Qf3 Bc8 24. c4 Be7 25. Qc3 Bd6 26. cxb5 axb5 27. Qc6 Ba6
28. Re3 Bf8 29. Qxg6 fxg6 30. Nh4 Kh7 31. Bb3 Bc5 32. Bf7 Bxe3 33. Bxg6+ Kg8
34. Bxe8 Bxf2+ 35. Kxf2 Rxe8 36. Rc1 Re7 37. Rc5 b4 38. Nf3 Bd3 39. Nxe5 Bxe4
40. Nc6 Rf7+ 41. Kg1 Bxc6 42. Rxc6 Rd7 43. Rc2 Kf7 44. Kf2 c5 45. Rxc5 Rd2+ 46.
Kf3 Rxa2 47. Rb5 Rb2 48. h4 b3 49. Kf4 Rxg2 50. Rxb3 h5 51. Kf5 g6+ 52. Ke5
Re2+ 53. Kf4 Kg7 54. Rb7+ Kh6 55. Rb3 Rg2 56. Rh3 Rg4+ 57. Kf3 Kg7 58. Ke3 Kf6
59. Kf3 Ke5 60. Rg3 Rxg3+ 0-1

[Event "Scarborough CC Ridout mem. Swiss"]
[Site "Toronto CAN"]
[Date "2023.11.03"]
[Round "5.2"]
[White "Zhong, Ryan Yunhui"]
[Black "Hay, Jonathan"]
[Result "0-1"]
[WhiteElo "1673"]
[BlackElo "2161"]
[PlyCount "62"]
[EventDate "2022.10.06"]
[EventType "swiss"]
[EventRounds "7"]
[EventCountry "CAN"]

1. d4 d5 2. c4 c6 3. e3 Nf6 4. Nc3 Bf5 5. Nf3 e6 6. Be2 Nbd7 7. O-O Bd6 8. Re1
Ne4 9. Nxe4 dxe4 10. Nd2 h5 11. Nf1 h4 12. f3 Nf6 13. fxe4 Nxe4 14. Bg4 Qg5 15.
Bxf5 exf5 16. Qf3 O-O-O 17. Nd2 Rde8 18. Nxe4 Rxe4 19. h3 g6 20. Bd2 Rhe8 21.
b4 Qg3 22. Rab1 Qh2+ 23. Kf1 Bg3 24. Rec1 f4 25. Ke2 Rxe3+ 26. Bxe3 Rxe3+ 27.
Qxe3 Qxg2+ 28. Kd3 fxe3 29. Rc2 Qxh3 30. Kxe3 Bf4+ 31. Ke2 Qe3+ 0-1

[Event "Scarborough CC Ridout mem. Swiss"]
[Site "Toronto CAN"]
[Date "2022.11.03"]
[Round "5.3"]
[White "Lawless, David"]
[Black "Huang, Richard"]
[Result "1-0"]
[WhiteElo "1929"]
[BlackElo "1942"]
[PlyCount "155"]
[EventDate "2022.10.06"]
[EventType "swiss"]
[EventRounds "7"]
[EventCountry "CAN"]

1. e4 c6 2. d3 d5 3. Nd2 e5 4. Ngf3 Bd6 5. g3 Ne7 6. Bg2 O-O 7. O-O f5 8. Qe2
fxe4 9. dxe4 Nd7 10. h3 Kh8 11. a3 Ng6 12. Re1 Nf6 13. b3 d4 14. b4 a5 15. bxa5
Rxa5 16. Nc4 Ra8 17. Bg5 b5 18. Bxf6 Rxf6 19. Nxd6 Qxd6 20. Qd3 Be6 21. Nd2 Ra4
22. c3 Rxa3 23. Rxa3 Qxa3 24. Nb1 Qb2 25. Re2 Qc1+ 26. Kh2 Bc4 27. Qc2 Qxc2 28.
Rxc2 Bd3 29. Rc1 Bxb1 30. Rxb1 dxc3 31. Kg1 Rd6 32. Rc1 b4 33. Bf1 Rd2 34. Bc4
c2 35. Kg2 h5 36. Bb3 c5 37. h4 Ne7 38. Bxc2 Nc6 39. Ba4 Nd4 40. Rxc5 Ra2 41.
Bd1 b3 42. Bxh5 b2 43. Rc8+ Kh7 44. Rb8 g6 45. Bg4 Kg7 46. Kh3 Kf6 47. h5 gxh5
48. Bxh5 Kg5 49. Bf7 Ra7 50. Bd5 Rh7+ 51. Kg2 Rc7 52. Rxb2 Re7 53. Rb8 Rg7 54.
Rg8 Rxg8 55. Bxg8 Nc2 56. Be6 Nd4 57. Bh3 Nb3 58. f3 Nd4 59. Kf2 Nc2 60. Bd7
Nd4 61. Ba4 Ne6 62. Ke3 Nc5 63. Bb5 Ne6 64. Bc4 Nd4 65. f4+ Kf6 66. Bd5 Nb5 67.
Kf3 Nd6 68. Kg4 Ne8 69. Kh5 Nd6 70. Kh6 exf4 71. gxf4 Nf5+ 72. Kh5 Ng3+ 73. Kg4
Ne2 74. e5+ Ke7 75. f5 Nd4 76. f6+ Kf8 77. e6 Ke8 78. Kh5 1-0

[Event "Scarborough CC Ridout mem. Swiss"]
[Site "Toronto CAN"]
[Date "2022.11.03"]
[Round "5.4"]
[White "Mendoza, Armand Jess"]
[Black "Wu, Benjamin"]
[Result "0-1"]
[WhiteElo "1903"]
[BlackElo "1833"]
[PlyCount "65"]
[EventDate "2022.10.06"]
[EventType "swiss"]
[EventRounds "7"]
[EventCountry "CAN"]

1. d4 d5 2. Nf3 Nf6 3. Bg5 e6 4. Nbd2 Be7 5. e3 O-O 6. Bd3 b6 7. Ne5 c5 8. c3
Bb7 9. O-O h6 10. Bxf6 Bxf6 11. f4 Nc6 12. Qh5 Nxe5 13. fxe5 Bg5 14. Rae1 cxd4
15. cxd4 a5 16. Nf3 Be7 17. Rf2 Ba6 18. Bb1 Qe8 19. Qh3 Bb4 20. Rd1 Qa4 21. b3
Qa3 22. g4 Rac8 23. Bc2 Rc7 24. g5 Rfc8 25. Qg2 Kf8 26. gxh6 gxh6 27. Nh4 Be7
28. Bh7 Bg5 29. h3 Rc1 30. Rxc1 Qxc1+ 31. Kh2 Qxe3 32. Qf3 Qxf3 33. Nxf3 0-1

[Event "Scarborough CC Ridout mem. Swiss"]
[Site "Toronto CAN"]
[Date "2022.11.03"]
[Round "5.5"]
[White "Grisar, Charles"]
[Black "Chamberland, Luc"]
[Result "1-0"]
[WhiteElo "1882"]
[BlackElo "1761"]
[Annotator ",hugh_brodie@hotmail."]
[PlyCount "70"]
[EventDate "2022.10.06"]
[EventType "swiss"]
[EventRounds "7"]
[EventCountry "CAN"]

1. Nc3 Nf6 2. d4 e6 3. e4 d5 4. e5 Nfd7 5. Nf3 c5 6. Bg5 Qb6 7. Na4 Qc7 8. c3
Nc6 9. a3 a6 10. b4 c4 11. Be2 Ne7 12. h4 f6 13. exf6 gxf6 14. Be3 b5 15. Nc5
Nxc5 16. bxc5 Bd7 17. Nh2 O-O-O 18. Ng4 Nf5 19. Nxf6 Nxe3 20. fxe3 Be7 21. Nxd7
Kxd7 22. Kd2 Rhg8 23. Bf3 Rdf8 24. Kc2 Rxg2+ 25. Bxg2 Rf2+ 26. Kb1 Rxg2 27. Ra2
Rg3 28. Qe1 Rg4 29. Rah2 Qd8 30. Kb2 Qg8 31. Qf2 Qg6 32. Qf3 Rg3 33. Qf2 Rg4
34. Rf1 Qe4 35. Qf3 h5 {Unreadable moves. White won in 44 moves.} 1-0

[Event "Scarborough CC Ridout mem. Swiss"]
[Site "Toronto CAN"]
[Date "2022.11.03"]
[Round "5.6"]
[White "Yang, Larry"]
[Black "Jacobs, Michael"]
[Result "1/2-1/2"]
[WhiteElo "1796"]
[BlackElo "2032"]
[PlyCount "145"]
[EventDate "2022.10.06"]
[EventType "swiss"]
[EventRounds "7"]
[EventCountry "CAN"]

1. e4 c6 2. d4 d5 3. e5 Bf5 4. Nf3 e6 5. c4 Ne7 6. Nc3 Nd7 7. h3 dxc4 8. Bxc4
Nb6 9. Bb3 Ned5 10. Bg5 Be7 11. Bxe7 Qxe7 12. Nxd5 exd5 13. O-O O-O 14. Bc2
Bxc2 15. Qxc2 Rfe8 16. Nh2 Rac8 17. f4 Qb4 18. Nf3 Nc4 19. Rf2 g6 20. Qd3 c5
21. b3 Nb6 22. dxc5 Rxc5 23. Qd4 Qc3 24. Rd1 Rec8 25. Re2 Qxd4+ 26. Nxd4 Rc1
27. Red2 a5 28. Kf2 Kf8 29. Rxc1 Rxc1 30. Nb5 Ke7 31. Nd6 Rc7 32. Ke3 Ke6 33.
Kd4 Nc8 34. Nxc8 Rxc8 35. g4 Rc1 36. f5+ gxf5 37. gxf5+ Kxf5 38. Kxd5 Re1 39.
Rf2+ Kg6 40. Rf3 Re2 41. a4 Re1 42. Kd6 Re2 43. h4 h5 44. Rf6+ Kg7 45. Rf5 Re3
46. Rxh5 Rxb3 47. Rg5+ Kf8 48. h5 Rb4 49. Rf5 Ke8 50. h6 Rb6+ 51. Kc7 Rxh6 52.
Kxb7 Rh4 53. e6 fxe6 54. Rxa5 Rb4+ 55. Kc6 Kf7 56. Kc5 Rh4 57. Ra7+ Kf6 58. a5
Ra4 59. Kb5 Ra1 60. Rb7 Rb1+ 61. Kc6 Rc1+ 62. Kd6 Rd1+ 63. Kc5 Rc1+ 64. Kb5 e5
65. a6 Rb1+ 66. Kc5 Ra1 67. a7 Kf5 68. Kb6 e4 69. Rb8 e3 70. a8=Q Rxa8 71. Rxa8
Ke4 72. Kc5 e2 73. Re8+ 1/2-1/2

[Event "Scarborough CC Ridout mem. Swiss"]
[Site "Toronto CAN"]
[Date "2022.11.10"]
[Round "6.1"]
[White "Hay, Jonathan"]
[Black "Lawless, David"]
[Result "1-0"]
[WhiteElo "2161"]
[BlackElo "1929"]
[PlyCount "63"]
[EventDate "2022.10.06"]
[EventType "swiss"]
[EventRounds "7"]
[EventCountry "CAN"]

1. d4 c5 2. d5 e5 3. Nc3 d6 4. e4 Be7 5. Nf3 a6 6. a4 b6 7. Be2 Nd7 8. O-O Nf8
9. Nd2 Ng6 10. Nc4 Nf6 11. Ra3 O-O 12. Ne3 Ne8 13. Bg4 Bg5 14. Bxc8 Qxc8 15.
Nf5 Bxc1 16. Qxc1 Qd7 17. Ne2 Ne7 18. Neg3 Nxf5 19. Nxf5 f6 20. f4 exf4 21.
Rxf4 g6 22. Ng3 Ra7 23. Qf1 Qc8 24. Rb3 Qb7 25. h4 Ra8 26. h5 Rb8 27. hxg6 hxg6
28. Rg4 g5 29. Nf5 b5 30. c4 b4 31. Rh3 Qc8 32. Ne7+ 1-0

[Event "Scarborough CC Ridout mem. Swiss"]
[Site "Toronto CAN"]
[Date "2022.11.10"]
[Round "6.2"]
[White "Li, Adam"]
[Black "Sharpe, Sam"]
[Result "1/2-1/2"]
[WhiteElo "1976"]
[BlackElo "1918"]
[PlyCount "78"]
[EventDate "2022.10.06"]
[EventType "swiss"]
[EventRounds "7"]
[EventCountry "CAN"]

1. e4 c5 2. Nf3 d6 3. c3 Nf6 4. Be2 Nc6 5. d4 cxd4 6. cxd4 g6 7. O-O Bg7 8. Nc3
O-O 9. h3 a6 10. a4 Bd7 11. Be3 Rc8 12. Rc1 Nb4 13. Qb3 a5 14. Bc4 e6 15. Nd2
d5 16. exd5 exd5 17. Be2 Re8 18. Na2 Nxa2 19. Qxa2 Qb6 20. Bf3 Qb4 21. b3 Bf5
22. g4 Bd3 23. Rfd1 Ne4 24. Bxe4 dxe4 25. Nc4 b6 26. d5 Bf8 27. Nxb6 Rcd8 28.
Qb2 Bg7 29. Qd2 Qxb3 30. Qxa5 Bb2 31. Rb1 Bxb1 32. Rxb1 Qc2 33. Rf1 Qd3 34. Qb4
Be5 35. a5 Bd6 36. Qb2 Be5 37. Qb4 Bd6 38. Qb2 Be5 39. Qb4 Bd6 1/2-1/2